000 01322nam a22003617a 4500
003 CHAP
005 20220329142212.0
008 000214d1999 mx r 00110 spa d
010 _a79850
011 _a80822
035 _a91276
040 _cCHAP
090 _aTesis
100 0 0 _aRojas Martínez, Elizabeth.
_999336
245 1 0 _aAnálisis de la balanza comercial del sorgo para el período de 1982 a 1997
_c/por Elizabeth Rojas Martínez
260 _aChapingo, Méx. :
_bEl autor,
_c1999.
300 _a88 h. :
_bgráfs. ; anexos
502 _aTesis (Lic. eb Comercio Internacional de Productos Agropecuarios) -- UACH. División de Ciencias Económico Administrativas
590 _aALEPH
_b10
_c20130110
_lUCH01
_h1433
590 _aBATCH-UPD
_b10
_c20130110
_lUCH01
_h0550
590 _aBATCH-UPD
_b10
_c20130410
_lUCH01
_h0231
590 _aBATCH-UPD
_b10
_c20130914
_lUCH01
_h0527
590 _aCONVERSION
_b10
_c20130109
_lUCH01
_h1344
650 1 4 _aBalanza comercial.
_99607
650 1 4 _aSorgo
_xMercadeo.
_9108695
650 1 4 _aSorgo
_xMéxico.
_9108697
901 _aBK
905 _aAlejandra Carrasco M.
942 _cFOLL
949 _bBC
_cTES
_d33724000728200
_eTS2
_fc.2
_h34275
_i91276
_si
949 _bBC
_cTES
_d33724000762456
_eTS2
_fc.3
_h35680
_i91276
_sb
949 _bBC
_cTES
_d912761
_eTS1
_h34274
_i91276
_sb
999 _c79850
_d79850